000 00700nam a2200241Ia 4500
003 OSt
005 20220925224701.0
006 a|||||r|||| 00| 0
007 ta
008 220923b |||||||| |||| 00| 0 eng d
020 _a0 7100 7839 0
037 _cGeneral Book
040 _aRTL
_cRTL
_beng
041 _2eng
_aeng
082 _aX:3M24.3.N18<---N12, L4
100 _aWinter J M
245 0 _aSocialism and the challenge of war
_b Ideas and poli
260 _aLondon
_bRoutledge and Kegan Paul
_c1974
300 _aix,310p
_ccm.
500 _aBibliography: P 289-302
942 _hX:3M24.3.N18<---N12, L4
_cGB
_2CC
999 _c581975
_d581975